Mahabharatha(മഹാഭാരത) (Record no. 115272)

MARC details
000 -LEADER
fixed length control field 00445 a2200169 4500
005 - DATE AND TIME OF LATEST TRANSACTION
control field 20260413121307.0
008 - FIXED-LENGTH DATA ELEMENTS--GENERAL INFORMATION
fixed length control field 260413b |||||||| |||| 00| 0 eng d
020 ## - INTERNATIONAL STANDARD BOOK NUMBER
International Standard Book Number 9789364879187
080 ## - UNIVERSAL DECIMAL CLASSIFICATION NUMBER
Universal Decimal Classification number FM
Item number CHA/M
100 ## - MAIN ENTRY--PERSONAL NAME
Personal name Chandrasekhar, Narayanan
245 ## - TITLE STATEMENT
Title Mahabharatha(മഹാഭാരത)
260 ## - PUBLICATION, DISTRIBUTION, ETC. (IMPRINT)
Name of publisher, distributor, etc D C books.
Place of publication, distribution, etc Kottayam.
Date of publication, distribution, etc 2024.
300 ## - PHYSICAL DESCRIPTION
Extent 270.
653 ## - INDEX TERM--UNCONTROLLED
Uncontrolled term Fiction-Novel- Malayalam Literature
942 ## - ADDED ENTRY ELEMENTS (KOHA)
item type Under processing
003 - CONTROL NUMBER IDENTIFIER
control field ulcusat
Holdings
Lost status Source of classification or shelving scheme Not for loan Home library Current library Date acquired Cost, normal purchase price Total Checkouts Full call number Barcode Date last seen Cost, replacement price Price effective from Koha item type Public note
  Universal Decimal Classification Not For Loan University Library University Library 27/02/2026 213.34   FM CHA/M 00097351 27/02/2026 320.00 27/02/2026 Books Processing
University Library, CUSAT